| 000 | 00394nam a22001337a 4500 | ||
|---|---|---|---|
| 082 | _a346.066GRE | ||
| 100 | _aGREAT BRITAIN STATUTES COMPANIES | ||
| 245 | _aGREAT BRITAIN STATUTES COMPANIES | ||
| 260 |
_aLONDON _bHER MAJESTYS STAATIONERY OFFICE _c1970 |
||
| 300 |
_avii;136p _bill,23cm |
||
| 650 | _aGREAT BRITAIN STATUTES COMPANIES | ||
| 700 | _aGREAT BRITAIN STATUTES COMPANIES | ||
| 942 | _cBK | ||
| 999 |
_c17113 _d17113 |
||